Les Pokémon de la 6G - Statistiques

Statistiques générales
  • Ce quiz a été pris 229 fois
  • Le résultat moyen est 53 sur 72
Statistiques - réponses
Numéro Nom % Correct
650 Marisson
96%
658 Amphinobi
95%
717 Yveltal
95%
655 Goupelin
94%
656 Grenousse
94%
716 Xerneas
94%
653 Feunnec
93%
718 Zygarde
93%
657 Croâporal
92%
652 Blindépique
91%
651 Boguérisse
91%
663 Flambusard
88%
661 Passerouge
88%
654 Roussil
84%
721 Volcanion
83%
662 Braisillon
79%
719 Diancie
79%
659 Sapereau
78%
720 Hoopa
77%
671 Florges
76%
668 Némélios
76%
699 Dragmara
75%
660 Excavarenne
75%
670 Floette
75%
667 Hélionceau
75%
666 Prismillon
75%
696 Ptyranidur
75%
673 Chevroum
74%
681 Exagide
74%
669 Flabébé
74%
679 Monorpale
74%
697 Rexillius
73%
672 Cabriolaine
72%
690 Venalgue
72%
705 Colimucus
71%
680 Dimoclès
71%
691 Kravarech
71%
706 Muplodocus
71%
702 Dedenne
70%
664 Lépidonille
70%
704 Mucuscule
70%
698 Amagara
69%
715 Bruyverne
69%
676 Couafarel
69%
685 Cupcanaille
69%
682 Fluvetin
68%
712 Grelaçon
68%
665 Pérégrain
68%
708 Brocélôme
67%
701 Brutalibré
67%
700 Nymphali
67%
713 Séracrawl
67%
714 Sonistrelle
67%
692 Flingouste
66%
678 Mistigrix
66%
710 Pitrouille
66%
677 Psystigri
66%
684 Sucroquin
66%
709 Desséliande
65%
683 Cocotine
64%
693 Gamblast
64%
703 Strassie
64%
688 Opermine
61%
675 Pandarbare
61%
674 Pandespiègle
61%
689 Golgopathe
60%
694 Galvaran
59%
695 Iguolta
59%
686 Sepiatop
59%
707 Trousselin
59%
711 Banshitrouye
58%
687 Sepiatroce
58%
Aucun quiz correspondant
Distribution des résultats
% des personnes avec chaque résultat
Percentile par nombre de réponses
Votre historique - résultats
Vous n’avez pas pris ce quiz